Právoplatnosť a vykonateľnosť platobného výmeru vydaného obcou
Právoplatnosť rozhodnutia/platobného výmeru obce je významnou právnou skutočnosťou, ktorá spôsobuje, že rozhodnutie/ platobný výmer možno napadnúť len mimoriadnymi opravnými prostriedkami. Proti právoplatnému rozhodnutiu/platobnému výmeru obce nemožno podať odvolanie. V prípade právoplatného platob...
Salvato in:
| Autore principale: | |
|---|---|
| Natura: | Capitolo di libro |
| Lingua: | slovacco |
| Soggetti: | |
| Tags: |
Nessun Tag, puoi essere il primo ad aggiungerne!!
|
MARC
| LEADER | 00000naa a2200000 4500 | ||
|---|---|---|---|
| 001 | 0300151 | ||
| 005 | 20240425112136.9 | ||
| 041 | 0 | |a slo | |
| 044 | |a SK | ||
| 245 | 1 | 0 | |a Právoplatnosť a vykonateľnosť platobného výmeru vydaného obcou |c Ladislav Hrtánek |
| 520 | |a Právoplatnosť rozhodnutia/platobného výmeru obce je významnou právnou skutočnosťou, ktorá spôsobuje, že rozhodnutie/ platobný výmer možno napadnúť len mimoriadnymi opravnými prostriedkami. Proti právoplatnému rozhodnutiu/platobnému výmeru obce nemožno podať odvolanie. V prípade právoplatného platobného výmeru obce je potrebné počkať na uplynutie lehoty na plnenie si daňovej povinnosti zo strany daňového subjektu a až potom sa stane platobný výmer obce vykonateľným. Vykonateľné rozhodnutie/platobný výmer obce následne obec môže vymáhať od daňového subjektu buď cestou daňového exekučného konania, alebo cestou súdneho exekútora. | ||
| 610 | 2 | 0 | |a obce |
| 610 | 2 | 0 | |a konanie daňové |
| 610 | 2 | 0 | |a dane |
| 610 | 2 | 0 | |a právo |
| 610 | 2 | 0 | |a poriadok daňový |
| 100 | 1 | |a Hrtánek, Ladislav | |